00810nam a2200193 a 450000100060000000300080000600500170001400800410003103500190007204000270009104100080011808200220012610000190014824503180016726000440048530000350052950000190056465000330058367963BD-RjUL20211209081721.0170329s1952 nyua 000 0 eng  a(BD-RjUL)68172 aDLCcDLCdBD-RjULbeng aeng00a535223bNEO 19521 aNewton, Isaac.00aOpticks :bor, A treatise of the reflections, refractions, inflections & colours of light. Based on the 4th ed., London, 1730 /cby Isaac Newton with a foreword by Albert Einstein, an introd. by Sir Edmund Whittaker, a pref. by I. Bernard Cohen, and an analytical table of contents prepared by Duane H. D. Roller. aNew York :bDover Publications,cc1952. acxvi, 406 p. :bill. ;c19 cm. aIncludes index 0aOpticsxEarly works to 1800.